MARC details
| 000 -CABECERA |
| campo de control de longitud fija |
00933cam a2200277 a 4500 |
| 001 - NÚMERO DE CONTROL |
| campo de control |
000011877 |
| 005 - FECHA Y HORA DE LA ÚLTIMA TRANSACCIÓN |
| campo de control |
20200929162612.0 |
| 008 - DATOS DE LONGITUD FIJA--INFORMACIÓN GENERAL |
| campo de control de longitud fija |
990413s2000 mauab 001 0 eng |
| 010 ## - NÚMERO DE CONTROL DE LA BIBLIOTECA DEL CONGRESO |
| Número de control de LC |
99023951 |
| 020 ## - NÚMERO INTERNACIONAL ESTÁNDAR DEL LIBRO |
| Número Internacional Estándar del Libro |
0072309849 (student ed. : alk. paper) |
| 020 ## - NÚMERO INTERNACIONAL ESTÁNDAR DEL LIBRO |
| Número Internacional Estándar del Libro |
0072309237 (teacher's ed.) |
| 040 ## - FUENTE DE LA CATALOGACIÓN |
| Centro catalogador/agencia de origen |
DO-SdBNP |
| Centro/agencia transcriptor |
DLC |
| Centro/agencia modificador |
DLC |
| -- |
BNPHU |
| 041 07 - CÓDIGO DE LENGUA |
| Código de lengua del texto/banda sonora o título independiente |
eng |
| Fuente del código |
spa |
| 082 ## - NÚMERO DE LA CLASIFICACIÓN DECIMAL DEWEY |
| Número de clasificación |
468.2 |
| Número de documento/Ítem |
N597m |
| 100 1# - ENTRADA PRINCIPAL--NOMBRE DE PERSONA |
| Nombre de persona |
Nicholas, Robert L. |
| 9 (RLIN) |
28070 |
| 245 10 - MENCIÓN DE TÍTULO |
| Título |
Motivos de conversacion : |
| Resto del título |
essentials of Spanish / |
| Mención de responsabilidad, etc. |
Robert L. Nicholas, Maria Canteli Dominicis. |
| 250 ## - MENCIÓN DE EDICIÓN |
| Mención de edición |
5a ed. |
| 260 ## - PUBLICACIÓN, DISTRIBUCIÓN, ETC. |
| Lugar de publicación, distribución, etc. |
Boston : |
| Nombre del editor, distribuidor, etc. |
McGraw-Hill, |
| Fecha de publicación, distribución, etc. |
2000. |
| 300 ## - DESCRIPCIÓN FÍSICA |
| Extensión |
xxii, 440 p. : |
| Otras características físicas |
il. maps. ; |
| Dimensiones |
27 cm. |
| 546 ## - NOTA DE LENGUA/LENGUAJE |
| Nota de lengua/lenguaje |
Inglés y español |
| 500 ## - NOTA GENERAL |
| Nota general |
Incluye índice |
| 650 #4 - PUNTO DE ACCESO ADICIONAL DE MATERIA--TÉRMINO DE MATERIA |
| Término de materia o nombre geográfico como elemento de entrada |
Lengua española |
| Subdivisión general |
Gramática |
| 9 (RLIN) |
28071 |
| 650 #4 - PUNTO DE ACCESO ADICIONAL DE MATERIA--TÉRMINO DE MATERIA |
| Término de materia o nombre geográfico como elemento de entrada |
Lengua española |
| Subdivisión general |
Libros de texto |
| -- |
Inglés |
| 9 (RLIN) |
28072 |
| 700 1# - PUNTO DE ACCESO ADICIONAL--NOMBRE DE PERSONA |
| Nombre de persona |
Dominicis, Maria Canteli. |
| 9 (RLIN) |
28073 |
| 910 ## - DATOS DE OPCIÓN DEL USUARIO (OCLC) |
| Datos de opción del usuario |
Catalogación por copia / LC |